| 000 | 00388nam a2200145Ia 4500 | ||
|---|---|---|---|
| 008 | 230312s9999||||xx |||||||||||||| ||und|| | ||
| 020 | _a81-315-2157-1 | ||
| 082 |
_a005.133 _bMAL-C |
||
| 100 | _aMalik;D.S | ||
| 245 | 0 | _aC++ Programming From Problem Analysis to Program Design | |
| 260 |
_bCengage _aIndia _c2013 |
||
| 300 | _a1398 | ||
| 650 |
_aComputer _vComputer Sciences |
||
| 942 | _cBK | ||
| 999 |
_c12782 _d12782 |
||